IEP Lyon : introduction aux sciences sociales : Harold Garfinkel - Statistiques

Statistiques générales
  • Ce quiz a été pris 16 fois
  • Le résultat moyen est 15 sur 28
Statistiques - réponses
Questions Réponses % Correct
Ce sociologue s'oppose à une sociologie très centrée sur le chiffre comme celle de l'école de... Columbia
100%
Sociologue fondateur d'une phénoménologie sociologique, une sociologie qui cherche avant tout à comprendre le sens que les acteurs donnent à leurs actions même routinières. Alfred Schütz
89%
Garfinkel en opposition à [...] : on ne considère par que la société déjà-là agit l'acteur plus que l'acteur n'agit mais bien que c'est l'acteur lui-même, avec ses représentations du monde propres qui agit sur le monde social. Émile Durkheim
78%
-La dérive [...] qui consisterait à faire une sociologie critique des pratiques sociales, de considérer que seul le sociologue serait en capacité de faire émerger le sous-bassement culturel et structurel des pratiques culturelles. Intellectualiste
78%
L'ethnométhodologie de Garfinkel est également influencée par un autre philosophe qui est... Maurice Merleau-Ponty
78%
Tout ce travail est occulté par la société ce qui amène à croire que l'ordre social est un ordre [...]. -> Garfinkel cherche à rendre ce travail invisible visible. La tâche fondamentale de l'ethnométhodologie serait de mettre en évidence ce travail de construction, de production, d'institution de la chose sociale. Naturel
78%
Il se pose la question des motivations de Agnès, la manière qu'a Agnès de construire son idée de la norme féminine, de l'identité de femme. Il est frappé par une sorte d'hyper-[...]. Agnès a tendance à exacerber ce qui lui paraît caractéristique de la féminité. Conformisme
67%
Pour lui, toute [...] est une [...] perceptive liée à l'expérience du monde vécu. Conscience
67%
... la phénoménologie du philosophe [...]. Edmund Husserl
67%
Il emprunte à la phénoménologie la notion d'[...] : troisième voie entre objectivisme et subjectivisme. Intersubjectivité
67%
"Ethno" suggère qu'un membre de la société dispose du savoir de [...] (deux mots) des sociétés, savoirs ordinaires sur la société. Sens commun
67%
Il consacre le chapitre numéro ? de son livre au cas de Agnès. Le chapitre s'appelle « ''passer'' ou l'accomplissement du statut sexuel chez une personne ''intersexuée'' ». 5
56%
La réalité sociale et les structures de la réalité sociale seraient des [...] permanentes, quotidiennes, liées aux agissements des membres de la société. -> Cela légitime d'étudier des actes du quotidien qui deviennent des objets sociologiques légitimes. Constructions
56%
En réfléchissant à ces questions des interactions dans les tribunaux, Garfinkel finit par identifier deux problèmes que poseraient la sociologie traditionnelle : -Les sociologues considèrent les acteurs comme des « [...] (deux mots) », des individus hyper-conformistes, faiblement autonomes et faiblement réflectifs. Idiots culturels
56%
Avec sa phénoménologie des [...], ce philosophe travaille sur la structure des comportements humains avec l'idée que le monde social n'est pas un donné en-soi et extérieur à nous, ce sont les acteurs qui l'inventent et le réinventent pour-eux au cours de leurs interactions intersubjectives. Perceptions
56%
Directeur de thèse de Harold Garfinkel, pour qui il a une grande admiration (il lui emprunte des notions comme la distinction individu/agent/acteur) : Talcott Parsons
56%
Une double influence : la sociologie [...] de Max Weber et... Compréhensive
44%
Faire surgir les procédures qui gouvernent la [...] (deux mots) de la réalité. Ce sens commun serait un impensé de la sociologie traditionnelle. L'interaction en elle-même suffirait à analyser l'arrière-plan et ce qui fonde l'ordre social (pas besoin de grandes montées en généralités). Construction sociale
44%
Cette notion est reprise du philosophe des Lumières [...] qui le prend comme l'idée selon laquelle les individus sont capables de prendre en compte ce que les autres individus pensent. Emmanuel Kant
44%
Une méthodologie qui se caractérise par la mise en œuvre de « méthodes [...] » par ses membres. -> Il s'agit d'étudier la production par les membres de la société, dans leur vie quotidienne, de la réalité objective des faits sociaux. Ordinaires
44%
En quelle année ? 1967
33%
Le travail du sociologue consisterait à comprendre la signification des expériences des acteurs et de leurs co-observateurs, c'est à dire leurs... Alter ego
33%
C’est un autre mode de [...], avec sa cohérence interne et sa pertinence, et cela peut en faire un nouvel objet de [...] en sociologie. Connaissance
33%
L'ethnométhodologie est une sociologie qui étudie la société à travers l'étude des accomplissements pratiques là où ils se produisent chez les individus. Ces accomplissements seraient au final révélateurs de ce que Garfinkel appelle des [...] que nous emploierions tous les jours. -> La réalité sociale et les structures de cette réalité sociale ne sont pas quelque chose de déjà là et d'immuable, mais quelque chose de déjà là qui émerge et se construit par la somme de toutes les actions, les interactions, les agissements pratiques de toute la société. Ethnométhodes
33%
Agnès démontre que nous construisons continuellement la distinction sociale entre hommes et femmes avec des attributs bien distincts. Cette édition continuelle de [...] (pluriel) (féminins, masculins) manifestent à la fois l'ordre social et sont nécessaires au maintient de l'ordre social. Signes
22%
Son œuvre principale : Studies in ethnometodology
22%
Garfinkel s'intéresse à l'[...], l'équivalent en quelque sorte du déjà-là, l'[...] qui fonde les interactions sociales. Arrière-plan
11%
Il demande également à des étudiants de licence de se comporter comme de véritables étrangers au sein de leurs familles, et de prendre des notes sur ce qu'il se passe. Les étudiants ont du mal à mener l'expérience jusqu'au bout, les familles ne comprennent pas à qui ils ont affaire. Cela engendre facilement des situations de colère, de disputes. -> Ces expérimentations permettent de perturber le cours des choses ordinaires, faisant surgir tous les arrières plans implicites qui règlent l’interaction et qui lui permettent de se développer quasi « naturellement ». -> Le sens commun n’est donc pas une « [...] (deux mots) » dont le sociologue doit se méfier, comme le recommandait Durkheim. Catégorie résiduelle
11%
Aucun quiz correspondant
Distribution des résultats
% des personnes avec chaque résultat
Percentile par nombre de réponses
Votre historique - résultats
Vous n’avez pas pris ce quiz